|
|
|
|
| LEADER |
01491nam a2200361 i 4500 |
| 001 |
EBC6539983 |
| 003 |
MiAaPQ |
| 005 |
20220528205106.0 |
| 006 |
m o d | |
| 007 |
cr cnu|||||||| |
| 008 |
220528s2013 fr a o 000 0 spa d |
| 020 |
|
|
|a 9789264183766
|q (electronic bk.)
|
| 035 |
|
|
|a (MiAaPQ)EBC6539983
|
| 035 |
|
|
|a (Au-PeEL)EBL6539983
|
| 035 |
|
|
|a (OCoLC)1251443432
|
| 040 |
|
|
|a MiAaPQ
|b eng
|e rda
|e pn
|c MiAaPQ
|d MiAaPQ
|
| 043 |
|
|
|a n-mx---
|
| 050 |
|
4 |
|a LB3241.4.M6
|b .B598 2013
|
| 082 |
0 |
|
|a 371.61
|2 23
|
| 100 |
1 |
|
|a Blyth, Alastair,
|d 1958-
|e author.
|
| 245 |
1 |
0 |
|a Mejoramiento de edificios escolares en Mexico con participacion social :
|b programa de mejores escuelas /
|c Blyth Alastair [and four others].
|
| 264 |
|
1 |
|a Paris, France :
|b Organisation for Economic Co-Operation and Development,
|c [2013]
|
| 264 |
|
4 |
|c Ã2013
|
| 300 |
|
|
|a 1 online resource (123 pages) :
|b illustrations
|
| 336 |
|
|
|a text
|b txt
|2 rdacontent
|
| 337 |
|
|
|a computer
|b c
|2 rdamedia
|
| 338 |
|
|
|a online resource
|b cr
|2 rdacarrier
|
| 588 |
|
|
|a Description based on print version record.
|
| 590 |
|
|
|a Electronic reproduction. Ann Arbor, MI : ProQuest, 2018. Available via World Wide Web. Access may be limited to ProQuest affiliated libraries.
|
| 650 |
|
0 |
|a School facilities
|x Maintenance and repair
|x Social aspects
|z Mexico.
|
| 655 |
|
4 |
|a Electronic books.
|
| 797 |
2 |
|
|a ProQuest (Firm)
|
| 856 |
4 |
0 |
|u https://ebookcentral.proquest.com/lib/matrademy/detail.action?docID=6539983
|z Click to View
|